Finish the Lyrics - Bob Marley - Statistics

General Stats
  • This quiz has been taken 230 times
  • The average score is 9 of 26
Answer Stats
Hint Answer % Correct
Get up, Stand up, stand up for your _____ right
76%
We gon' fight (We gon' fight) We _____ to fight (We gon' fight) love
75%
Could you be loved and be _____? loved
67%
We're jammin', I wanna _____ it with you jam
66%
I shot the sheriff But I didn't shoot no _____, oh no, oh deputy
60%
I don't wanna wait in _____ for your love vain
58%
Emancipate yourselves from _____ slavery mental
42%
In the government yard in _____ Trenchtown
38%
Old pirates, yes, they _____ I rob
37%
Have no fear for _____ energy atomic
35%
In this bright future you _____ forget your past can't
33%
Make you want to move, your _____ feet dancing
30%
Is there a place for the _____ sinner hopeless
27%
Three little birds _____ by my doorstep pitch
26%
Let them all pass their _____ remarks (One Love!) dirty
24%
My _____ is my only carriage feet
23%
Only the fittest of the _____ shall survive- fittest
22%
And then you draw bad _____ (Draw bad _____) card
21%
Well, it seems like: total destruction the _____ only solution
21%
Babylon system is the _____, yea! vampire
20%
Give them an inch, they take a yard - Give them a yard, _____ they take a mile
18%
Every man got the right to _____ his own destiny decide
17%
Rise up this morning, _____ with the rising sun smiled
17%
Said it was a Buffalo Soldier, _____ Rasta dreadlocked
15%
Want you to know I'm a _____ too rainbow
15%
I mean it, when I _____ the stench analyse
7%
No matching quizzes found
Score Distribution
Percent of People with Each Score
Percentile by Number Answered
Your Score History
You have not taken this quiz